Tous les pays gagnants de l’Eurovision - Statistiques

Statistiques générales
  • Ce quiz a été pris 174 fois
    96 depuis la dernière actualisation
  • Le résultat moyen est 44 sur 69
Statistiques - réponses
Année Pays Artiste Chanson % Correct
2024 Suisse Nemo The Code
91%
2025 Autriche JJ Wasted Love
90%
2021 Italie Måneskin Zitti e buoni
90%
2023 Suède Loreen Tattoo
87%
1956 Suisse Lys Assia Refrain
86%
1958 France André Claveau Dors, mon amour
84%
2012 Suède Loreen Euphoria
84%
2022 Ukraine Kalush Orchestra Stefania
84%
1988 Suisse Céline Dion Ne partez pas sans moi
83%
2019 Pays-Bas Duncan Lawrence Arcade
82%
2017 Portugal Salvador Sobral Amar pelos dois
82%
1974 Suède ABBA Waterloo
82%
1962 France Isabelle Aubret Un premier amour
81%
1965 Luxembourg France Gall Poupée de cire, poupée de son
81%
1977 France Marie Myriam L’Oiseau et l’Enfant
79%
2018 Israël Netta Toy
79%
2014 Autriche Conchita Wurst Rise like a Phoenix
78%
1964 Italie Gigliola Cinquetti Non ho l’età (per amarti)
78%
2015 Suède Måns Zelmerlöw Heroes
77%
1960 France Jacqueline Boyer Tom Pillibi
75%
1961 Luxembourg Jean-Claude Pascal Nous les amoureux
75%
1959 Pays-Bas Teddy Scholten Een beetje
75%
1957 Pays-Bas Cory Brokken Net als toen
71%
1982 Allemagne Nicole Ein bißchen Frieden
70%
1963 Danemark Grethe & Jørgen Ingmann Dansevise
69%
1998 Israël Dana International Diva (דיווה)
69%
2016 Ukraine Jamala 1944
69%
1986 Belgique Sandra Kim J’aime la vie
68%
1969 Espagne / France / Pays-Bas / Royaume-Uni Vivo cantando / Un jour, un enfant / De troubadour / Boom Bang-a-Bang Salomé / Frida Boccara / Lenny Kuhr / Lulu
66%
2009 Norvège Alexander Rybak Fairytale
66%
1967 Royaume-Uni Sandie Shaw Puppet on a String
66%
2007 Serbie Marija Šerifović Molitva (Молитва)
66%
1991 Suède Carola Fångad av en stormvind
66%
1978 Israël Izhar Cohen & The Alphabeta A-Ba-Ni-Bi (א-ב-ני-בי)
65%
2006 Finlande Lordi Hard Rock Hallelujah
64%
1979 Israël Gali Atari & Milk and Honey Hallelujah (הללויה)
64%
2005 Grèce Helena Paparizou My Number One
62%
2010 Allemagne Lena Meyer-Landrut Satellite
61%
1983 Luxembourg Corinne Hermès Si la vie est cadeau
61%
1990 Italie Toto Cutugno Insieme : 1992
58%
2013 Danemark Emmelie de Forest Only Teardrops
57%
1980 Irlande Johnny Logan What’s Another Year
57%
1972 Luxembourg Vicky Leandros Après toi
57%
1973 Luxembourg Anne-Marie David Tu te reconnaîtras
57%
2000 Danemark Olsen Brothers Fly on the Wings of Love
56%
1987 Irlande Johnny Logan Hold Me Now
56%
1993 Irlande Niamh Kavanagh In Your Eyes
56%
1994 Irlande Paul Harrington & Charlie McGettigan Rock ‘n’ Roll Kids
56%
1976 Royaume-Uni Brotherhood of Man Save Your Kisses for Me
56%
1992 Irlande Linda Martin Why Me?
53%
1996 Irlande Eimear Quinn The Voice
52%
1981 Royaume-Uni Bucks Fizz Making Your Mind Up
52%
1997 Royaume-Uni Katrina and the Waves Love Shine a Light
52%
1968 Espagne Massiel La, la, la
51%
2008 Russie Dima Bilan Believe
51%
1999 Suède Charlotte Nilsson Take Me to Your Heaven
51%
2011 Azerbaïdjan Ell & Nikki Running Scared
49%
1971 Monaco Séverine Un banc, un arbre, une rue
49%
1970 Irlande Dana All Kinds of Everything
48%
1966 Autriche Udo Jürgens Merci, chérie
47%
2001 Estonie Tanel Padar, Dave Benton & 2XL Everybody
47%
2003 Turquie Sertab Erener Everyway That I Can
47%
2004 Ukraine Ruslana Wild Dances
47%
2002 Lettonie Marie N I Wanna
45%
1985 Norvège Bobbysocks La det swinge
43%
1975 Pays-Bas Teach-In Ding-A-Dong
43%
1995 Norvège Secret Garden Nocturne
42%
1984 Suède Herreys Diggi-Loo Diggi-Ley
42%
1989 Yougoslavie Riva Rock Me
40%
Aucun quiz correspondant
Distribution des résultats
% des personnes avec chaque résultat
Percentile par nombre de réponses
Votre historique - résultats
Vous n’avez pas pris ce quiz depuis la dernière actualisation